000 00860nam a2200229 a 4500
001 55913
003 BD-RjUL
005 20211209080330.0
008 161123s1952 ii ||||| |||| 00| 0 ben d
035 _a(BD-RjUL)56037
040 _aBD-RjUL
_bben
_cBD-RjUL
041 _aben
082 _223
_a812
_bFAA 1952
100 _aফাস্ট, হাওয়ার্ড
_9166459
245 1 0 _aঅপরাজিত /
_cহাওয়ার্ড ফাস্ট
260 _aকলিকাতা :
_bমুকারম পাবলিশার্স,
_c১৯৪৯ [১৩৫৫]
300 _a২৭১ পৃ. ;
_c১৭ সেমি.
650 _aআমেরিকান নাটক
_9146633
650 _aAmerican Drama
_9166460
700 _aচন্দ্র, প্রফুল্ল, অনুবাদ
_9166463
942 _2ddc
_cBK
999 _c55913
_d55913